2023 NTT Data IndyCar Series Drivers - Statistics

General Stats
  • This quiz has been taken 857 times
    448 since last reset
  • The average score is 22 of 34
Answer Stats
Team # Driver % Correct
Arrow McLaren SP 5 Pato O'Ward
91%
Team Penske 2 Josef Newgarden
90%
Chip Ganassi Racing 9 Scott Dixon
87%
Chip Ganassi Racing 10 Alex Palou
86%
Andretti Autosport 28 Romain Grosjean
86%
Chip Ganassi Racing 8 Marcus Ericsson
83%
Team Penske 12 Will Power
83%
Arrow McLaren SP 7 Alexander Rossi
80%
Rahal Letterman Lanigan Racing 15 Graham Rahal
78%
Team Penske 3 Scott McLaughlin
77%
Andretti Autosport 26 Colton Herta
75%
Arrow McLaren SP 6 Felix Rosenqvist
75%
Meyer Shank Racing 06 Helio Castroneves
70%
Chip Ganassi Racing 11* Takuma Sato
67%
Ed Carpenter Racing 33* Ed Carpenter
66%
Andretti Autosport 27 Kyle Kirkwood
65%
Andretti Autosport 98^ Marco Andretti
65%
Juncos Hollinger Racing 77 Callum Ilott
63%
Rahal Letterman Lanigan Racing 45 Christian Lundgaard
61%
Arrow McLaren SP 66^ Tony Kanaan
61%
Chip Ganassi Racing 11* Marcus Armstrong
60%
Dale Coyne Racing / Rick Ware 51 Sting Ray Robb
60%
Meyer Shank Racing 60 Simon Pagenaud
59%
AJ Foyt Enterprises 14 Santino Ferrucci
56%
Ed Carpenter Racing 20 Conor Daly
54%
Dale Coyne Racing / HMD Motor. 18 David Malukas
54%
Ed Carpenter Racing 21 Rinus VeeKay
54%
Juncos Hollinger Racing 78 Agustin Canapino
51%
Andretti Autosport 29 Devlin DeFrancesco
50%
Rahal Letterman Lanigan Racing 30 Jack Harvey
50%
Dreyer & Reinbold Racing 23^ Ryan Hunter-Reay
48%
Rahal Letterman Lanigan Racing 44^ Katherine Legge
42%
AJ Foyt Enterprises 55 Benjamin Pedersen
31%
Dreyer & Reinbold Racing 24^ Stefan Wilson
28%
No matching quizzes found
Score Distribution
Percent of People with Each Score
Percentile by Number Answered
Your Score History
You have not taken this quiz since the last reset